Be your own PR man (Record no. 35663)
[ view plain ]
| 000 -LEADER | |
|---|---|
| fixed length control field | 00543nam a2200157 a 4500 |
| 008 - FIXED-LENGTH DATA ELEMENTS--GENERAL INFORMATION | |
| fixed length control field | 120416s0000 ||||||||||||||||| || u |
| 020 ## - INTERNATIONAL STANDARD BOOK NUMBER | |
| International Standard Book Number | 0850387655 |
| 050 ## - LIBRARY OF CONGRESS CALL NUMBER | |
| Classification number | HM 263 Bla |
| 100 ## - MAIN ENTRY--PERSONAL NAME | |
| Personal name | Bland, Michael |
| 245 10 - TITLE STATEMENT | |
| Title | Be your own PR man |
| 246 ## - VARYING FORM OF TITLE | |
| Title proper/short title | a public relations guide for the small businessman |
| 260 ## - PUBLICATION, DISTRIBUTION, ETC. | |
| Place of publication, distribution, etc. | London |
| Name of publisher, distributor, etc. | Kogan Page |
| Date of publication, distribution, etc. | 1981 |
| 300 ## - PHYSICAL DESCRIPTION | |
| Extent | 176p. : ill |
| 350 ## - PRICE (NR) (BK AM CF MU VM SE) [OBSOLETE] | |
| Price | 0.00 |
| 995 ## - RECOMMENDATION 995 [LOCAL, UNIMARC FRANCE] | |
| -- | 0.00 |
| -- | CBU-MAIN LIBRARY (Kitwe) |
| -- | 1 |
| -- | 1.90 |
| -- | AVAILABLE |
| -- | Main Library Open Access Collection |
| Withdrawn status | Lost status | Source of classification or shelving scheme | Damaged status | Not for loan | Home library | Current library | Shelving location | Date acquired | Total Checkouts | Full call number | Barcode | Date last seen | Price effective from | Koha item type |
|---|---|---|---|---|---|---|---|---|---|---|---|---|---|---|
| CBU-MAIN LIBRARY, KITWE. | CBU-MAIN LIBRARY, KITWE. | 11/30/2022 | HM 263 Bla | 008869 | 11/30/2022 | 11/30/2022 | MONOGRAPH |